000 00625nam a22002297a 4500
999 _c534059
_d534059
001 3853362
003 Nust
005 20200129123336.0
008 891205s1986 pk 000 0 urd
010 _a 87931090
020 _a9690006932 :
_cRs90.00
038 _aMSOHAIL
040 _aDLC
_cDLC
050 0 0 _aMLCMA 89/00712 (P)
082 _a891.4391
_bMUF
100 0 _aMumtāz Muftī.
_9370
245 1 0 _aRām Dīn :
_bmaz̤āmīn, riportāzh /
_cMumtāz Muftī.
260 _aLāhore :
_bFīrosanz,
_c1986.
300 _a295 p. ;
_c23 cm.
906 _a7
_bcbc
_corignew
_du
_encip
_f19
_gy-gencatlg
942 _2ddc
_cBK